000 00431nam a2200181Ia 4500
001 19557
005 20260306172702.0
008 260306t2004||||xx |||||||||||||| ||spa||
041 _aESP
082 _a340.4
_bI82
100 _aIsmodes Cairo, Anibal
_eAUT
245 0 _aEnsayos de sociología jurídica
260 _c2004
300 _a254 páginas :
_c21 cm.
650 _aGEN
654 _aCDE
942 _cLIB
_dJUS
_fJUS
_2ddc
_n
999 _c19557
_d19557